00448nam a22001577a 4500003000400000008004100004020001800045082001400063100002400077245002700101250000800128260003800136300000800174650008600182700002200268OSt200526b ||||| |||| 00| 0 eng d a9781420073546 a615.6 MAF a Mantus, David (ed) aFDA Regulatory Affairs a3rd aNew DelhibTaylor & Francisc2008 a387 aPharmaceutics- Drug Delivery Systems,Pharmaceutical Engineering regulraty Science aPisano, Douglas J